Las comunidades de los animales. (Record no. 10520)

MARC details
000 -CABECERA
campo de control de longitud fija 00771nam a2200193 a 4500
005 - FECHA Y HORA DE LA ÚLTIMA TRANSACCIÓN
campo de control 20240919064305.0
008 - ELEMENTOS DE LONGITUD FIJA--INFORMACIÓN GENERAL
campo de control de longitud fija 991125c1990 cal 000 0 spa u
035 ## - NÚMERO DE CONTROL DEL SISTEMA
Número de control de sistema UPN01000010520
049 ## - COLECCIÓN
Colección AV
099 ## - CLASIFICACIÓN LOCAL
Clasificación local PVI Q 0380
245 04 - MENCIÓN DE TÍTULO
Título Las comunidades de los animales.
260 ## - PUBLICACIÓN, DISTRIBUCIÓN, ETC.
Lugar de publicación, distribución, etc. California (EUA) :
Nombre del editor, distribuidor, etc. AIMS MEDIA,
Fecha de publicación, distribución, etc. 1990.
300 ## - DESCRIPCIÓN FÍSICA
Extensión 1 videocasete (VHS) (14 min.) :
Otras características físicas son., col.
500 ## - NOTA GENERAL
Nota general Contiene un tríptico anexo en inglés con información sobre el contenido
520 ## - NOTA DE RESUMEN, ETC.
Sumario, etc. Contiene información acerca de la interrelación que existeentre los animales y con su entorno, y señala la importancia de conservar el equilibrio de la naturaleza
650 #4 - ASIENTO SECUNDARIO DE MATERIA - TERMINO TEMATICO
Término de materia o nombre geográfico como elemento de entrada Animales
Subdivisión general Hábitos y comportamiento
9 (RLIN) 1059
650 #4 - ASIENTO SECUNDARIO DE MATERIA - TERMINO TEMATICO
Término de materia o nombre geográfico como elemento de entrada Ecología
9 (RLIN) 5860
905 ## - TIPO DE MATERIAL
Tipo de material Audiovisuales
Holdings
Estado de retiro Estado de pérdida Fuente del sistema de clasificación o colocación Estado dañado No para préstamo Código de colección Localización permanente Ubicación/localización actual Ubicación en estantería Enumeración/cronología de publicación seriada Total de préstamos Código de barras Fecha visto por última vez Número de copia Tipo de ítem Koha
    Library of Congress Classification     Audiovisuales Bib. Gregorio Torres Quintero Bib. Gregorio Torres Quintero Audiovisual -   0380PVI 31/12/2020 1 Libro